Women images and realities : a multicutural anthology

Gorde:
Xehetasun bibliografikoak
Egile nagusia: Kesselman, Amy Vita
Formatua: Liburua
Argitaratua: Mayfield 1999
Etiketak: Etiketa erantsi
Etiketarik gabe, Izan zaitez lehena erregistro honi etiketa jartzen!
Thư viện lưu trữ: Mạng thư viện Đại học Đà Nẵng
LEADER 00605nam a2200229 a 4500
001 000029026
003 16708
005 20171030145630.0
008 171030s1999
040 |a LTT 
082 0 |a 305.42  |b KE-A 
100 1 |a Kesselman, Amy Vita 
245 0 0 |a Women images and realities : a multicutural anthology  |c Amy Vita Kesselman, Lyli D. McNair, Nancy Schniedewind. 
260 |b Mayfield  |c 1999 
500 |a ASIA 
OWN |a LTT 
999 |a From the UDN01 
TYP |a Monograph 
TYP |a Printed language 
980 |a Mạng thư viện Đại học Đà Nẵng